Nhật ký Nguyễn Huy Tưởng T. 3
Ghi lại những diễn biến trong cuộc sống lao động sáng tạo và thế giới nội tâm của tác giả Nguyễn Huy Tưởng gắn với những sự kiện của đời sống chính trị, xã hội trong nước cũng như thế giới vào khoảng thời gian sau khi quân ta tiếp qu...
Đã lưu trong:
| 主要作者: | |
|---|---|
| 格式: | 图书 |
| 语言: | Undetermined |
| 出版: |
H.
Kim Đồng
2016
|
| 主题: | |
| 在线阅读: | http://lrc.tdmu.edu.vn/opac/search/detail.asp?aID=2&ID=29357 |
| 标签: |
添加标签
没有标签, 成为第一个标记此记录!
|
| Thư viện lưu trữ: | Trung tâm Học liệu Trường Đại học Thủ Dầu Một |
|---|
| LEADER | 01209nam a2200229Ia 4500 | ||
|---|---|---|---|
| 001 | TDMU_29357 | ||
| 008 | 210410s9999 xx 000 0 und d | ||
| 082 | |a 005.133 | ||
| 090 | |b NG527 | ||
| 100 | |a Nguyễn, Huy Thắng | ||
| 245 | 0 | |a Nhật ký Nguyễn Huy Tưởng | |
| 245 | 0 | |c Nguyễn Huy Thắng (biên soạn) | |
| 245 | 0 | |n T. 3 | |
| 245 | 0 | |p Nghệ sĩ và công dân | |
| 260 | |a H. | ||
| 260 | |b Kim Đồng | ||
| 260 | |c 2016 | ||
| 300 | |a 426 tr. | ||
| 520 | |a Ghi lại những diễn biến trong cuộc sống lao động sáng tạo và thế giới nội tâm của tác giả Nguyễn Huy Tưởng gắn với những sự kiện của đời sống chính trị, xã hội trong nước cũng như thế giới vào khoảng thời gian sau khi quân ta tiếp quản Thủ đô | ||
| 650 | |a Nguyễn Huy Tưởng |c Nhà văn |d 1912-1960; Nguyễn Huy Tưởng |x Nhật ký; Nhà văn Việt Nam |x Tiểu sử |x Sự nghiệp | ||
| 856 | |u http://lrc.tdmu.edu.vn/opac/search/detail.asp?aID=2&ID=29357 | ||
| 980 | |a Trung tâm Học liệu Trường Đại học Thủ Dầu Một | ||